| 000 | 00590aam a2200205 4500 | ||
|---|---|---|---|
| 005 | 20170208112024.0 | ||
| 008 | 150513b xxu||||| |||| 00| 0 spa d | ||
| 041 | _aspa | ||
| 082 | _a1.0.3 P986j | ||
| 100 |
_aPuertas, Xavier _922796 |
||
| 100 |
_aFont, Silvia _938366 |
||
| 245 | _aJuegos y actividades deportivas para la animación turística | ||
| 260 |
_aEspaña _bSintesis _c2002 |
||
| 300 | _a206 páginas | ||
| 650 |
_aANIMACIÓN TURÍSTICA _91521 |
||
| 650 |
_aJUEGOS _92123 |
||
| 650 |
_aACTIVIDADES RECREATIVAS _935117 |
||
| 650 |
_aACTIVIDADES DEPORTIVAS _938367 |
||
| 942 | _cBK | ||
| 999 |
_c5436 _d5436 |
||